| 000 | 00746nam a2200253 a 4500 | ||
|---|---|---|---|
| 999 |
_c1533 _d1533 |
||
| 007 | ta | ||
| 008 | 950922s2003 ii g b i000 0 eng d | ||
| 020 | _cRs. 75.00 | ||
| 040 |
_aKO _beng |
||
| 041 | 0 | _aeng | |
| 044 | _axxk | ||
| 082 | 0 | 0 |
_223 _a343.0962 _bIn821 |
| 111 | 2 |
_aInternational Convention for the Safety of Life at Sea _d(1974 : _cLondon, England) |
|
| 245 | 1 | 0 |
_aSOLAS : _bamendments 2001 and 2002 |
| 260 |
_aMumbai : _bBhandarkar Publications, _c2003 |
||
| 300 |
_av, 50 p. ; _c24 cm. |
||
| 650 | 0 |
_aShips _xSafety regulations. |
|
| 650 | 0 |
_aShips _xFires and fire prevention _xLaw and legislation. |
|
| 710 | 2 | _aInternational Maritime Organization. | |
| 904 | _aRUDRA_R | ||
| 905 | _aR_RANJAN | ||
| 942 |
_2ddc _cBK |
||